1675 1094 1487 1145 1256 1738 1140 1600 1000 1313 1596 1707 1708 1485 1945 1448 1329 1066 1522 1515 1951 1689 1882 1998 1558 1407 1662 1724 1807 1025 1688 1370 1015 1834 1649 1315 1601 1691 1292 1364 2000 1003 1885 1030 1936 1442 1529 1641 1249 1081 1824 1498 1400 1906 1877 1542 1041 1537 1273 1617 1624 1832 1872 1697 1948 1019 1174 1195 1705 1266 1371 1458 1354 1337 1563 1836 1014 1340 1140 1007 1815 1859 1544 1563 1155 1831 1638 1938 1283 1619 1230 1034 1121 1130 1410 1349 1165 1214 1263 BCNSPRNW ULIB Ver.6.0+V

เปลี่ยนเป็นภาษาไทย

Change to English
 แสดงรายละเอียดบรรณานุกรม
  กลับหน้าหลัก

Brief Record : Get Marc (ISO 2709) : E-mail record : QR code < ปิดหน้าต่าง
LEADER : 00000nam 2200000uu 4500
001    13399125458
003     ULIB
008    170609s2557||||th 000 0 tha d
020    ^a9786167388618
060 04 ^aWE168^bธ289O
245 00 ^aOrthopaedics for medical students /^cธไนนิธย์ โชตภูติ, ธรรมนูญ ศรีสอ้าน, สมภพ ภู่พิทยา, ทวี ทรงพัฒนาศิลป์ และ ฟูเศรษฐ จงเฟื่องปริญญา, บรรณาธิการ, คณาจารย์ภาควิชาศัลยศาสตร์ออร์โธปิดิกส์ กองการศึกษาวิทยาลัยแพทยศาสตร์พระมงกุฏเกล้า
260    ^aนนทบุรี :^bนำอักษรการพิมพ์,^c2557
300    ^a452 หน้า :^bภาพประกอบ ;^c26 ซม.
500    ^aการพยาบาลผู้ใหญ่
505 0  ^aสารบัญ--1.อาการนำเพื่อการวินิจฉัยโรคทางออร์โธปิดิกส์--2.ความรู้พื้นฐานทางออร์โธปิดิกส์--3.Clinical Knowledge in Orthopedic Surgery กระดูกหักและข้อเคลื่อน--4.ศัลยกรรมทางมือและจุลศัลยกรรม--5.โรคทางออร์โธปิดิกส์ที่ไม่เกิดจากอุบัติเหตุ--6.การบาดเจ็บจากการรบ
650  4 ^aศัลยกรรมกระดูก
650  0 ^aการพยาบาลผู้ใหญ่
700 0  ^aธไนนิธย์ โชตน์ภูติ,^eบรรณาธิการ
700 0  ^aธรรมนูญ ศรีสอ้าน,^eบรรณาธิการ
700 0  ^aสมภพ ภู่พิทยา,^eบรรณาธิการ
700 0  ^aทวี ทรงพัฒนาศิลป์,^eบรรณาธิการ
700 0  ^aฟูเศรษฐ จงเฟื่องปริญญา,^eบรรณาธิการ
710 1  ^aกองการศึกษาวิทยาลัยแพทยศาสตร์พระมงกุฏเกล้า
945    ^p600^l0^i25104
999    ^aกัณชพร
รายการนี้ยังไม่มีแท็ก
คุณยังไม่ได้ล็อกอิน คุณสามารถมีกิจกรรมร่วมกับเว็บไซต์ได้ แต่ต้องล็อกอินก่อน ::
  ล็อกอิน

รายการสื่อสารสนเทศ

ลำดับที่ ประเภท เลขเรียก/บาร์โค้ด สถานที่ สถานะ
1. หนังสือสำรอง
หนังสือสำรอง
สถานะ=หนังสือเก่า
WE168 ธ289O ฉ.1 
  Barcode: 25104
ห้องสมุดวิทยาเขตนครสวรรค์
►ส่วนจัดเก็บหนังสือเก่า นว.
บนชั้น
  ขอยืม

รายการใกล้เคียง
    หัวเรื่อง [ศัลยกรรมกระดูก]
    หัวเรื่อง [การพยาบาลผู้ใหญ่]

BibComment


ยังไม่เคยถูกคอมเมนท์

คอมเมนท์ทรัพยากรรายการนี้
  คอมเมนท์: Orthopaedics for..


 Copyright 2026. Bcnsprnw @Library